The emotional politics of racism : how feelings trump facts in an era of colorblindness /

Bibliographic Details
Main Author: Ioanide, Paula (Author)
Format: Book
Language:English
Published: Stanford, California : Stanford University Press, [2015]
Series:Stanford studies in comparative race and ethnicity.
Subjects:

MARC

Tag First Indicator Second Indicator Subfields
LEADER 00000cam a2200000 i 4500
001 in00003530021
005 20151105213543.0
008 141020t20152015cau b 001 0 eng c
010 |a  2014041547 
020 |a 9780804793599 (cloth : alk. paper) 
020 |a 080479359X (cloth : alk. paper) 
020 |a 9780804795470 (pbk. : alk. paper) 
020 |a 0804795479 (pbk. : alk. paper) 
035 |a (OCoLC)ocn893557992 
040 |a CSt/DLC  |e rda  |c DLC  |d UtOrBLW 
043 |a n-us--- 
049 |a TXAM 
050 0 0 |a E184.A1  |b L623 2015 
082 0 0 |a 305.800973  |2 23 
100 1 |a Ioanide, Paula,  |e author. 
245 1 4 |a The emotional politics of racism :  |b how feelings trump facts in an era of colorblindness /  |c Paula Ioanide. 
264 1 |a Stanford, California :  |b Stanford University Press,  |c [2015] 
264 4 |c ©2015 
300 |a xiii, 271 pages ;  |c 24 cm. 
336 |a text  |b txt  |2 rdacontent 
337 |a unmediated  |b n  |2 rdamedia 
338 |a volume  |b nc  |2 rdacarrier 
490 1 |a Stanford studies in comparative race and ethnicity 
504 |a Includes bibliographical references and index. 
505 0 |a Introduction : facts and evidence don't work here -- Criminals and terrorists : the emotional economies of military-carceral expansion -- New York, NY : the raging emotions of white police brutality -- Abu Ghraib, Iraq : the evasive emotions of U.S. exceptionalism -- Welfare dependents and illegal aliens : the emotional economies of social wage retrenchment -- New Orleans, LA : the demolishing emotions of neoliberal removal -- Escondido, CA : the exclusionary emotions of nativist movements -- Epilogue : the other side of social death. 
650 0 |a Racism  |z United States  |x Psychological aspects. 
650 0 |a Social psychology  |z United States. 
651 0 |a United States  |x Social policy. 
651 0 |a United States  |x Social conditions  |y 1980- 
830 0 |a Stanford studies in comparative race and ethnicity. 
945 |a PromptCat 
946 |a stk 
947 |a A14842991573 
948 |a cataloged  |b h  |c 2015/6/19  |d c  |e dmitchel  |f 3:00:00 pm 
994 |a 92  |b TXA 
999 |a MARS 
999 f f |s 3b8cb908-28d6-3325-87ba-d69994019ea9  |i e7c40b82-3c9d-382f-954d-bcdd1d52bb14  |t 0 
952 f f |p normal  |a Texas A&M University  |b College Station  |c Sterling C. Evans Library  |d Evans: Library Stacks  |t 0  |e E184.A1 L623 2015  |h Library of Congress classification  |i unmediated -- volume  |m A14842991573 
998 f f |a E184.A1 L623 2015  |t 0  |l Evans: Library Stacks